Электрические машины и электропривод. Ч. 3: Электропривод и специальные электрические машины (Запись № 1534543)

Подробности
000 -МАРКЕР
контрольное поле 02484nam2a2200301 4500
001 - ИДЕНТИФИКАТОР ЗАПИСИ
контрольное поле RU\NLR\bibl\1461150
005 - ИДЕНТИФИКАТОР ВЕРСИИ
контрольное поле 20250615234844.0
010 ## - МЕЖДУНАРОДНЫЙ СТАНДАРТНЫЙ НОМЕР КНИГИ (ISBN)
Номер (ISBN) 978-5-7473-0430-7
Тираж 600
021 ## - НОМЕР ГОСУДАРСТВЕННОЙ РЕГИСТРАЦИИ
Код страны Российская Федерация
Номер 2009-92768
Номер Листа государственной регистраци 5865
035 ## - ДРУГИЕ СИСТЕМНЫЕ НОМЕРА
Идентификатор записи (NLR Aleph) 001452915
100 ## - ДАННЫЕ ОБЩЕЙ ОБРАБОТКИ
Данные общей обработки 20100114d2009 |||y0rusy50 ca
101 0# - ЯЗЫК РЕСУРСА
Язык текста, звукозаписи и т.д. русский
102 ## - СТРАНА ПУБЛИКАЦИИ ИЛИ ПРОИЗВОДСТВА
Страна публикации Российская Федерация
105 ## - ПОЛЕ КОДИРОВАННЫХ ДАННЫХ: ТЕКСТОВЫЕ МАТЕРИАЛЫ, МОНОГРАФИЧЕСКИЕ
Кодированные данные о монографическом текстовом документе a |||||||||
200 1# - ЗАГЛАВИЕ И СВЕДЕНИЯ ОБ ОТВЕТСТВЕННОСТИ
Основное заглавие Электропривод и специальные электрические машины
Сведения, относящиеся к заглавию [для студентов III курса специальностей: 190402 Автоматика, техника и связь на железнодорожном транспорте (АТС), 190401 Электроснабжение железных дорог (ЭНС) и студентов IV курса специальностей: 190303 Электрический транспорт железных дорог (ЭПС), 190301 Локомотивы (Т), 190302 Вагоны (В)]
Первые сведения об ответственности В.И. Седов, В.В. Орлов, В.В. Шумейко
Последующие сведения об ответственности Моск. гос. ун-т путей сообщ.
210 ## - ПУБЛИКАЦИЯ, РАСПРОСТРАНЕНИЕ И ДР.
Место издания, распространения и т.д. Москва
Имя издателя, распространителя и т. д. РОАТ
-- МИИТ
Дата издания, распространения и т.д. 2009
215 ## - ФИЗИЧЕСКАЯ ХАРАКТЕРИСТИКА
Специфическое обозначение материала и объем 75 с.
Другие сведения о физической характеристике ил.
Сопроводительный материал 21
320 ## - ПРИМЕЧАНИЯ О НАЛИЧИИ В ДОКУМЕНТЕ БИБЛИОГРАФИИ / УКАЗАТЕЛЯ
Текст примечания Библиогр.: с. 72 (9 назв.)
461 #0 - УРОВЕНЬ НАБОРА
Встроенное поле 001RU\NLR\bibl\853738
-- 2001#$aЭлектрические машины и электропривод$vЧ. 3
Системный номер (АБИС) связанной записи 1429149
Автор Шумейко, В. В.
Место публикации Москва
Дата публикации 2004
Первые сведения об ответственности В. В. Шумейко, В. В. Орлов, В. И. Седов
Имя издателя, распространителя и т.д. РГОТУПС
Сведения, относящиеся к заглавию учебное пособие : [для студентов 3 курса специальностей 210700 Автоматика, телемеханика и связь на железнодорожном транспорте; 101800 Электроснабжение железных дорог (ЭНС) и студентов 4 курса специальностей 181400 Электрический транспорт железных дорог (ЭПС); 150700 Локомотивы (Т); 150800 Вагоны (В)]
Заглавие Электрические машины и электропривод
Номер тома Ч. 3
606 1# - НАИМЕНОВАНИЕ ТЕМЫ КАК ПРЕДМЕТ
Наименование темы Электрические машины специального назначения
Формальный подзаголовок Учебные издания для высших учебных заведений
Системный номер авторитетной/нормативной записи 1385577
Идентификатор авторитетной/нормативной записи RU\NLR\auth\66268464
686 ## - ИНДЕКСЫ ДРУГИХ КЛАССИФИКАЦИЙ
Индекс З260.2я73-1
801 #0 - ИСТОЧНИК ЗАПИСИ
Страна Российская Федерация
Организация NLR
Дата составления 20100114
Правила каталогизации RCR
801 #1 - ИСТОЧНИК ЗАПИСИ
Страна Российская Федерация
Организация NLR
Дата составления 20100114
830 ## - ОБЩЕЕ ПРИМЕЧАНИЕ, СОСТАВЛЕННОЕ КАТАЛОГИЗАТОРОМ
Текст примечания по кн
942 ## - ДОПОЛНИТЕЛЬНЫЕ ЭЛЕМЕНТЫ ЗАПИСИ (АБИС)
Тип экземпляра АБИС Книга
980 ## - КОЛЛЕКЦИЯ
Название коллекции Национальная библиография
Экземпляры
Тип экземпляра Дата поступления Источник поступления Библиотека постоянного хранения Библиотека текущего хранения Место хранения Шифр хранения Штрих-код Статус экземпляра
Книга 14.01.2010 Обязательный экземпляр РНБ (Московский) РНБ (Московский) Русский книжный фонд: издания с 1957 года 2005-4/23214 3080701  
Книга 14.01.2010 Обязательный экземпляр РНБ (Московский) РНБ (Московский) Русский книжный фонд: издания с 1957 года 2005-4/23214 3080703